00847nam a22002177a 450000500170000001000150001702000270003202000240005903500130008303700130009608200180010910000170012724501110014426000450025527000630030030000340036350000500039794200320044799900170047995201330049620141121110819.0 aENG-111231 a9780198092193c2395.00 a0198092199c2395.00 aEN-94763 bDBAD/PUB a386.095409034 aDewey, Clive aSteamboats on the Indus :cby Clive Deweybthe limits of western technological superiority in South Asia / aNew DelhibOxford University Pressc2014 aYMCA Library building, 1 Jai Singh RoadbNew Delhie110001 axvii, 297p. :c28cm(Hb)bill. aIncludes bibliographical references and index 2ddccENmDEWh386.095409034 c90041d90041 001040718NFICaDBADbDBADd2014-11-14eDBAD/PUBg2395.00l0o386.095409034 DEWpEN-94763r2014-11-14 00:00:00t1v2395.00yEN